[Event "Swiss Queens Wed #13"]
[Site "FIDE Online Arena INT"]
[Date "2024.04.24"]
[Round "7"]
[White "Yashvi, Jain"]
[Black "Alvarez, Mia Morena"]
[Result "1-0"]
[WhiteElo "1757"]
[BlackElo "1636"]
[PlyCount "27"]
[EventDate "2024.04.24"]
[EventType "swiss (blitz)"]
[EventRounds "11"]
[EventCountry "NET"]
[SourceTitle "CB18_2024"]
[SourceDate "2024.05.01"]
[SourceVersion "1"]
[SourceVersionDate "2024.05.01"]
[SourceQuality "2"]

1. d4 d5 2. c4 c6 3. Nc3 Nf6 4. cxd5 cxd5 5. Nf3 Nc6 6. Bf4 Bf5 7. e3 e6 8. Qb3 Qd7 9. Ne5 Nxe5 10. dxe5 Qd8 11. exf6 Qxf6 12. Qxb7 Rd8 13. Bb5+ Rd7 14. Qxd7# 1-0

[Event "Swiss Queens Wed #13"]
[Site "FIDE Online Arena INT"]
[Date "2024.04.24"]
[Round "4"]
[White "Yashvi, Jain"]
[Black "Pujari, Rucha"]
[Result "0-1"]
[WhiteElo "1757"]
[BlackElo "2172"]
[PlyCount "98"]
[EventDate "2024.04.24"]
[EventType "swiss (blitz)"]
[EventRounds "11"]
[EventCountry "NET"]
[SourceTitle "CB18_2024"]
[SourceDate "2024.05.01"]
[SourceVersion "1"]
[SourceVersionDate "2024.05.01"]
[SourceQuality "2"]

1. d4 d5 2. Nf3 Nf6 3. Bf4 e6 4. e3 Bd6 5. Bg3 Ne4 6. c3 0-0 7. Nbd2 f5 8. Bd3 c5 9. 0-0 Nc6 10. Bh4 Qc7 11. Bg3 b6 12. Qe2 Bb7 13. Rfd1 h6 14. dxc5 Nxc5 15. Bc2 Ba6 16. c4 Bxg3 17. hxg3 dxc4 18. Nxc4 Na5 19. b3 Nxc4 20. bxc4 Rac8 21. Nd4 Qe7 22. Bb3 e5 23. Nf3 e4 24. Nd4 Kh7 25. g4 f4 26. Nf5 Qg5 27. Rd5 Bb7 28. Rd4 f3 29. gxf3 Rxf5 30. f4 Qg6 31. Kf1 Rf7 32. Rad1 a5 33. Rd6 Rf6 34. f5 Qg5 35. Rxf6 Qxf6 36. Rd4 Qh4 37. Kg2 Nxb3 38. axb3 Rf8 39. Rd7 Bc6 40. Rc7 Rf6 41. Qd1 Qg5 42. Kg3 h5 43. Ra7 Kh6 44. Rc7 Kh7 45. Ra7 Rxf5 46. Rc7 Rf3+ 47. Qxf3 exf3 48. Rxc6 Qxg4+ 49. Kh2 Qg2# 0-1

[Event "Swiss Queens Wed #13"]
[Site "FIDE Online Arena INT"]
[Date "2024.04.24"]
[Round "11"]
[White "Yashvi, Jain"]
[Black "Ram, Jwalanthi"]
[Result "1-0"]
[WhiteElo "1757"]
[BlackElo "1816"]
[PlyCount "141"]
[EventDate "2024.04.24"]
[EventType "swiss (blitz)"]
[EventRounds "11"]
[EventCountry "NET"]
[SourceTitle "CB18_2024"]
[SourceDate "2024.05.01"]
[SourceVersion "1"]
[SourceVersionDate "2024.05.01"]
[SourceQuality "2"]

1. d4 Nf6 2. Nf3 d5 3. Bf4 c5 4. c3 Nc6 5. e3 Qb6 6. Qc2 Bf5 7. dxc5 Bxc2 8. cxb6 axb6 9. Na3 e5 10. Nxc2 exf4 11. exf4 Bd6 12. g3 0-0 13. Bd3 Rfe8+ 14. Kf1 Na5 15. Kg2 Nc4 16. Bxc4 dxc4 17. Ne3 b5 18. Nd4 Ra5 19. b4 cxb3 20. axb3 Rxa1 21. Rxa1 b4 22. Nb5 Bc5 23. cxb4 Bxb4 24. Nc4 h6 25. Ne5 Nd5 26. Ra7 Re7 27. Ra8+ Kh7 28. Nd4 g5 29. Nf5 Rc7 30. fxg5 hxg5 31. Ra4 Bc3 32. Ng4 b5 33. Ra6 Ne7 34. Rh6+ Kg8 35. Nxe7+ Rxe7 36. Rc6 Bg7 37. Rc5 b4 38. Rxg5 f6 39. Rb5 Re4 40. Ne3 Kf7 41. Kf3 Rd4 42. Ke2 Bf8 43. Rb7+ Be7 44. Nc2 Rd5 45. Nxb4 Re5+ 46. Kf3 Rh5 47. h4 Kf8 48. Nc6 Bd6 49. b4 Rf5+ 50. Kg2 Rd5 51. b5 Rd1 52. b6 Rb1 53. Rd7 Be5 54. Nxe5 fxe5 55. b7 Ke8 56. Rh7 Kf8 57. Rh8+ Kg7 58. b8Q Rxb8 59. Rxb8 Kf6 60. Rb5 Kf5 61. h5 Kg5 62. Rxe5+ Kh6 63. f4 Kg7 64. g4 Kh7 65. Kg3 Kh6 66. Kh4 Kg7 67. Re6 Kh7 68. Kg5 Kg7 69. Re7+ Kh8 70. Kg6 Kg8 71. Re8# 1-0

[Event "Swiss Queens Wed #9"]
[Site "FIDE Online Arena INT"]
[Date "2024.03.27"]
[Round "11"]
[White "Babiy, Olga"]
[Black "Yashvi, Jain"]
[Result "0-1"]
[WhiteElo "2303"]
[BlackElo "1719"]
[PlyCount "68"]
[EventDate "2024.03.27"]
[EventType "swiss (blitz)"]
[EventRounds "11"]
[EventCountry "NET"]
[SourceTitle "CB14_2024"]
[SourceDate "2024.04.01"]
[SourceVersion "1"]
[SourceVersionDate "2024.04.01"]
[SourceQuality "1"]

1. d4 d5 2. Bf4 Nf6 3. Nd2 c6 4. Ngf3 Bf5 5. e3 e6 6. Ne5 c5 7. g4 Bg6 8. h4 h6 9. Nxg6 fxg6 10. Bd3 Kf7 11. h5 g5 12. Be5 Bd6 13. f4 Nc6 14. Qf3 cxd4 15. exd4 gxf4 16. Qxf4 Be7 17. Bg6+ Kg8 18. 0-0-0 Rc8 19. Kb1 Qa5 20. Nb3 Qb6 21. g5 hxg5 22. Qxg5 Nb4 23. Bf7+ Kxf7 24. Qxg7+ Kxg7 25. h6+ Kf7 26. Rh2 Qa6 27. a3 Nxc2 28. Rg1 Qd3 29. Ka2 Rcg8 30. Rc1 Ne3 31. Rc7 Rg1 32. Nc1 Qf5 33. Bd6 Re8 34. Re2 Nc4 0-1

[Event "Swiss Queens Wed #9"]
[Site "FIDE Online Arena INT"]
[Date "2024.03.27"]
[Round "9"]
[White "Yashvi, Jain"]
[Black "Doluhanova, Evgeniya"]
[Result "1-0"]
[WhiteElo "1719"]
[BlackElo "2261"]
[PlyCount "75"]
[EventDate "2024.03.27"]
[EventType "swiss (blitz)"]
[EventRounds "11"]
[EventCountry "NET"]
[SourceTitle "CB14_2024"]
[SourceDate "2024.04.01"]
[SourceVersion "1"]
[SourceVersionDate "2024.04.01"]
[SourceQuality "1"]

1. d4 Nf6 2. Nf3 e6 3. Bf4 b6 4. e3 d5 5. c4 Bd6 6. Bg3 Nbd7 7. Nc3 0-0 8. cxd5 exd5 9. Bd3 Bxg3 10. hxg3 Qe7 11. Qc2 h6 12. Nb5 c5 13. 0-0 Bb7 14. dxc5 Nxc5 15. Bf5 Nfe4 16. Nfd4 g6 17. Bh3 f5 18. g4 Ng5 19. gxf5 Nxh3+ 20. gxh3 gxf5 21. Nxf5 Qg5+ 22. Ng3 Ne4 23. Kh2 Rxf2+ 24. Qxf2 Nxf2 25. Rxf2 Qxe3 26. Raf1 d4 27. Nd6 Bd5 28. Ndf5 Qg5 29. Nxd4 Kh7 30. Rf6 Rg8 31. Nde2 h5 32. R1f5 Qd2 33. Rxh5+ Kg7 34. Rf2 Rf8 35. Nf5+ Kg6 36. Nf4+ Qxf4+ 37. Rxf4 Kxh5 38. Ng3+ 1-0

[Event "Swiss Queens Wed #9"]
[Site "FIDE Online Arena INT"]
[Date "2024.03.27"]
[Round "2"]
[White "Yashvi, Jain"]
[Black "Theephigaa, KP."]
[Result "1-0"]
[WhiteElo "1719"]
[BlackElo "1692"]
[PlyCount "151"]
[EventDate "2024.03.27"]
[EventType "swiss (blitz)"]
[EventRounds "11"]
[EventCountry "NET"]
[SourceTitle "CB14_2024"]
[SourceDate "2024.04.01"]
[SourceVersion "1"]
[SourceVersionDate "2024.04.01"]
[SourceQuality "1"]

1. d4 d5 2. Nf3 Nf6 3. Bf4 e6 4. e3 c5 5. c3 Be7 6. Nbd2 Nc6 7. Bd3 0-0 8. 0-0 cxd4 9. exd4 Bd6 10. Ne5 Qc7 11. Re1 Re8 12. Qf3 Ne7 13. Bg5 Bxe5 14. dxe5 Nd7 15. Bxe7 Rxe7 16. Qh5 g6 17. Qh4 Re8 18. Nf3 Nf8 19. Qh6 b6 20. Ng5 Bb7 21. Re3 Rac8 22. Nxh7 Nxh7 23. Rh3 Qxe5 24. Qxh7+ Kf8 25. Rf3 Rc7 26. Bxg6 Ree7 27. Bh5 f5 28. Qh6+ Qg7 29. Qf4 d4 30. Rg3 Qh8 31. Bf3 Bxf3 32. Qxf3 dxc3 33. bxc3 Rg7 34. Rd1 Rcd7 35. Rxd7 Rxd7 36. h3 Qh7 37. Kh2 Qe7 38. Qe3 Qd6 39. Qh6+ Ke7 40. Qg5+ Ke8 41. Qg8+ Ke7 42. Kh1 Qd1+ 43. Kh2 Qd6 44. h4 e5 45. Rg7+ Kf6 46. Rg6+ Ke7 47. Qh7+ Kd8 48. Qg8+ Kc7 49. Rxd6 Rxd6 50. Qf7+ Rd7 51. Qxf5 Kd6 52. Qf6+ Kd5 53. Qf3+ e4 54. Qd1+ Ke6 55. Qb3+ Ke5 56. h5 Rd5 57. Qxd5+ Kxd5 58. h6 Kc4 59. h7 Kxc3 60. h8Q+ Kc2 61. Qe8 Kb1 62. Qxe4+ Kxa2 63. Qb7 b5 64. Qxb5 a5 65. Qxa5+ Kb2 66. Qb5+ Kc2 67. g4 Kd2 68. Qe5 Kd3 69. g5 Kc2 70. g6 Kb3 71. Qc5 Kb2 72. g7 Kb1 73. g8Q Ka1 74. Qa8+ Kb1 75. Qb8+ Ka2 76. Qca7# 1-0

[Event "Swiss Queens Wed #8"]
[Site "FIDE Online Arena INT"]
[Date "2024.03.20"]
[Round "3"]
[White "Hilario, Aleyla"]
[Black "Yashvi, Jain"]
[Result "0-1"]
[WhiteElo "1932"]
[BlackElo "1719"]
[PlyCount "68"]
[EventDate "2024.03.20"]
[EventType "swiss (blitz)"]
[EventRounds "11"]
[EventCountry "NET"]
[SourceTitle "CB13_2024"]
[SourceDate "2024.03.27"]
[SourceVersion "1"]
[SourceVersionDate "2024.03.27"]
[SourceQuality "1"]

1. g3 Nf6 2. d4 d5 3. Bg2 c6 4. Nf3 g6 5. c4 Bg7 6. cxd5 cxd5 7. 0-0 Nc6 8. Nc3 0-0 9. Bf4 Bf5 10. Ne5 Ne4 11. Nxe4 Nxe5 12. Nc5 Nc6 13. e3 b6 14. Nd3 Rc8 15. Rc1 Qd7 16. Qd2 h6 17. h4 f6 18. g4 Bxg4 19. Rfe1 g5 20. hxg5 fxg5 21. Bg3 Bf3 22. Bf1 Be4 23. Nb4 Nxb4 24. Qxb4 Rxc1 25. Rxc1 Qg4 26. Qxe7 Rf3 27. Qe8+ Kh7 28. Qb8 h5 29. Bg2 h4 30. Rc8 Rxg3 31. fxg3 Qd1+ 32. Kh2 Qe2 33. Rh8+ Bxh8 34. Qc7+ Bg7 0-1

[Event "Swiss Queens Wed #8"]
[Site "FIDE Online Arena INT"]
[Date "2024.03.20"]
[Round "9"]
[White "Nevska, Gerda"]
[Black "Yashvi, Jain"]
[Result "0-1"]
[WhiteElo "1872"]
[BlackElo "1719"]
[PlyCount "82"]
[EventDate "2024.03.20"]
[EventType "swiss (blitz)"]
[EventRounds "11"]
[EventCountry "NET"]
[SourceTitle "CB13_2024"]
[SourceDate "2024.03.27"]
[SourceVersion "1"]
[SourceVersionDate "2024.03.27"]
[SourceQuality "1"]

1. e4 e5 2. Nf3 Nc6 3. Bb5 a6 4. Ba4 Nf6 5. 0-0 Nxe4 6. Re1 b5 7. Rxe4 d5 8. Nxe5 dxe4 9. Nxc6 Qf6 10. d4 bxa4 11. Ne5 Bd6 12. c3 Bxe5 13. dxe5 Qxe5 14. Nd2 Bd7 15. Nc4 Qe6 16. Qe2 Bb5 17. b3 axb3 18. axb3 0-0 19. Be3 a5 20. Qh5 Bxc4 21. bxc4 Qxc4 22. Bd4 f5 23. Qg5 Qf7 24. h4 Qg6 25. Qf4 c6 26. g3 a4 27. Kg2 a3 28. h5 Qg4 29. Qe5 Qf3+ 30. Kg1 Qg4 31. h6 Rf7 32. hxg7 h6 33. Qe6 Rb8 34. Qxh6 Rfb7 35. Qh8+ Kf7 36. Qh6 Rb1+ 37. Qc1 Rxc1+ 38. Rxc1 a2 39. Kg2 Rb1 40. Rc2 Qf3+ 41. Kh3 Rh1# 0-1

[Event "Swiss Queens Wed #8"]
[Site "FIDE Online Arena INT"]
[Date "2024.03.20"]
[Round "1"]
[White "Savitha Shri, B."]
[Black "Yashvi, Jain"]
[Result "1-0"]
[WhiteElo "2363"]
[BlackElo "1719"]
[PlyCount "65"]
[EventDate "2024.03.20"]
[EventType "swiss (blitz)"]
[EventRounds "11"]
[EventCountry "NET"]
[SourceTitle "CB13_2024"]
[SourceDate "2024.03.27"]
[SourceVersion "1"]
[SourceVersionDate "2024.03.27"]
[SourceQuality "1"]

1. e4 e5 2. Nf3 Nc6 3. Bb5 a6 4. Ba4 Nf6 5. Nc3 b5 6. Bb3 d6 7. d3 Be7 8. a4 Rb8 9. Nd5 0-0 10. h3 Re8 11. g4 Be6 12. g5 Nd7 13. h4 Nc5 14. g6 hxg6 15. Ng5 Nxb3 16. Nxe6 fxe6 17. Nxe7+ Qxe7 18. cxb3 Nd4 19. h5 Qf6 20. hxg6 Qxg6 21. Be3 Rf8 22. axb5 axb5 23. Bxd4 exd4 24. Qh5 Qf6 25. 0-0-0 c5 26. Rdg1 Ra8 27. Kb1 Ra7 28. Rg6 Qe5 29. Qh7+ Kf7 30. f4 Qxf4 31. Rxg7+ Ke8 32. Rxa7 Qf5 33. Qe7# 1-0

[Event "Swiss Queens Wed #8"]
[Site "FIDE Online Arena INT"]
[Date "2024.03.20"]
[Round "10"]
[White "Yashvi, Jain"]
[Black "Narva, Triin"]
[Result "1-0"]
[WhiteElo "1719"]
[BlackElo "2104"]
[PlyCount "47"]
[EventDate "2024.03.20"]
[EventType "swiss (blitz)"]
[EventRounds "11"]
[EventCountry "NET"]
[SourceTitle "CB13_2024"]
[SourceDate "2024.03.27"]
[SourceVersion "1"]
[SourceVersionDate "2024.03.27"]
[SourceQuality "1"]

1. d4 d5 2. Bf4 c5 3. c3 Nc6 4. e3 Nf6 5. Nf3 Nh5 6. Be5 f6 7. Bg3 Nxg3 8. hxg3 Bg4 9. Be2 e6 10. Nbd2 Bd6 11. 0-0 Qc7 12. dxc5 Bxc5 13. e4 Qxg3 14. exd5 exd5 15. Nd4 Bxe2 16. Qxe2+ Qe5 17. Qb5 Bxd4 18. Rae1 0-0 19. Rxe5 Bxe5 20. Qxd5+ Kh8 21. Nb3 Rad8 22. Qe4 Rd6 23. f4 f5 24. fxe5 1-0

[Event "Swiss Queens Wed #7"]
[Site "FIDE Online Arena INT"]
[Date "2024.03.13"]
[Round "9"]
[White "Ismayil, Malak"]
[Black "Yashvi, Jain"]
[Result "1-0"]
[WhiteElo "2200"]
[BlackElo "1719"]
[PlyCount "101"]
[EventDate "2024.03.13"]
[EventType "swiss (blitz)"]
[EventRounds "11"]
[EventCountry "NET"]
[SourceTitle "CB12_2024"]
[SourceDate "2023.10.01"]
[SourceVersion "1"]
[SourceVersionDate "2023.10.01"]
[SourceQuality "1"]

1. e4 e5 2. Nf3 Nc6 3. Bc4 Bc5 4. 0-0 Nf6 5. d3 d6 6. h3 0-0 7. Nc3 a6 8. Bg5 h6 9. Bxf6 Qxf6 10. Nd5 Qd8 11. c3 Kh8 12. d4 exd4 13. cxd4 Ba7 14. Re1 f5 15. e5 dxe5 16. dxe5 Be6 17. Qd2 Bc5 18. a3 Qd7 19. Rad1 Rad8 20. Qc2 Qf7 21. Nf4 Bxc4 22. e6 Qf6 23. Qxc4 Bb6 24. Nd5 Qxb2 25. Rd2 Qxa3 26. e7 Nxe7 27. Nxe7 Rxd2 28. Ng6+ Kh7 29. Nxf8+ Qxf8 30. Nxd2 Qd6 31. Nf3 Qa3 32. Qf7 Qc5 33. Re2 Qc1+ 34. Kh2 Qf4+ 35. Kg1 Qc1+ 36. Re1 Qc5 37. Rf1 a5 38. Nh4 a4 39. Nxf5 Qe5 40. Ne7 h5 41. Qg8+ Kh6 42. Qh8+ Kg5 43. Nc8 Bc5 44. Kh1 Kg6 45. f4 Qe2 46. f5+ Kf6 47. Qd8+ Kf7 48. Qxc7+ Kf6 49. Qd8+ Kf7 50. Rd1 a3 51. Rd7+ 1-0

[Event "Swiss Queens Wed #6"]
[Site "FIDE Online Arena INT"]
[Date "2024.03.06"]
[Round "11"]
[White "Uyangalyankhua, Batzaya"]
[Black "Yashvi, Jain"]
[Result "0-1"]
[WhiteElo "1656"]
[BlackElo "1719"]
[PlyCount "74"]
[EventDate "2024.03.06"]
[EventType "swiss (blitz)"]
[EventRounds "11"]
[EventCountry "NET"]
[SourceTitle "CB11_2024"]
[SourceDate "2024.03.13"]
[SourceVersion "1"]
[SourceVersionDate "2024.03.13"]
[SourceQuality "1"]

1. d4 d5 2. c4 c6 3. Nc3 Nf6 4. e3 e6 5. Nf3 Nbd7 6. Bd3 Bd6 7. 0-0 0-0 8. e4 dxe4 9. Nxe4 Nxe4 10. Bxe4 Qe7 11. Bc2 e5 12. Bg5 f6 13. Qd3 e4 14. Qb3 Kh8 15. c5 Bc7 16. Rae1 fxg5 17. Rxe4 Qf6 18. Re6 Qf4 19. Qd3 g6 20. d5 g4 21. Qc3+ Kg8 22. Re7 Nf6 23. Ne5 Nxd5 24. Qe1 Nxe7 25. Bb3+ Nd5 26. Bxd5+ cxd5 27. g3 Qxe5 28. Qd2 Bd7 29. b3 Bc6 30. b4 d4 31. a4 Qe4 32. f3 Rxf3 33. b5 Rxf1+ 34. Kxf1 Qh1+ 35. Ke2 Qf3+ 36. Ke1 Re8+ 37. Qe2 Qxe2# 0-1

[Event "IND-ch U15 Girls 39th"]
[Site "Jalgaon"]
[Date "2023.12.28"]
[Round "2"]
[White "Yashvi, Jain"]
[Black "Sneha, Halder"]
[Result "0-1"]
[WhiteElo "1442"]
[BlackElo "1766"]
[PlyCount "80"]
[EventDate "2023.12.27"]
[EventType "swiss"]
[EventRounds "11"]
[EventCountry "IND"]
[SourceTitle "CB02_2024"]
[SourceDate "2024.01.10"]
[SourceVersion "1"]
[SourceVersionDate "2024.01.10"]
[SourceQuality "1"]

1. d4 c5 2. c3 Nf6 3. Bf4 Qb6 4. Qc1 cxd4 5. cxd4 Nc6 6. e3 d6 7. Nc3 Bf5 8. Bb5 Rc8 9. Nf3 Nd5 10. Nxd5 Qxb5 11. Nc3 Qa6 12. a3 h6 13. e4 Bg4 14. Be3 Bxf3 15. gxf3 Na5 16. Qd1 Nc4 17. Qe2 Qb6 18. Rb1 Qa5 19. Bd2 Qh5 20. Nd5 e6 21. Nc3 Be7 22. f4 Qh3 23. Be3 Bh4 24. Nd1 Qg2 25. Rf1 Qxe4 26. Rc1 Qd5 27. Nc3 Qa5 28. d5 0-0 29. Rg1 Nxe3 30. Qxe3 Bf6 31. dxe6 Rfe8 32. Kd1 Rxe6 33. Qh3 Bxc3 34. Rxc3 Rxc3 35. bxc3 Qa4+ 36. Kd2 Qxf4+ 37. Kd1 Qxf2 38. Qg4 Qf6 39. Qg3 Re5 40. Qg2 Rg5 0-1

[Event "IND-ch (Women) 49th"]
[Site "Ahmedabad"]
[Date "2023.07.02"]
[Round "3"]
[White "Yashvi, Jain"]
[Black "Mrudul, Dehankar"]
[Result "0-1"]
[WhiteElo "1423"]
[BlackElo "2044"]
[PlyCount "56"]
[EventDate "2023.06.30"]
[EventType "swiss"]
[EventRounds "11"]
[EventCountry "IND"]
[SourceTitle "CBM 215 Extra"]
[Source "ChessBase"]
[SourceDate "2023.09.30"]
[SourceVersion "1"]
[SourceVersionDate "2023.09.30"]
[SourceQuality "1"]

1. d4 Nf6 2. Nf3 e6 3. Bf4 b6 4. e3 Bb7 5. Nbd2 Be7 6. Be2 d6 7. h3 Nbd7 8. 0-0 0-0 9. Bh2 c5 10. c3 Qc7 11. Nc4 Rfd8 12. a4 a6 13. dxc5 Nxc5 14. b4 Nce4 15. Qd4 b5 16. Nb6 Rab8 17. a5 Nxc3 18. Qd3 Be4 19. Qd2 Nxe2+ 20. Qxe2 Qb7 21. Rfc1 Nd7 22. Nxd7 Qxd7 23. Rd1 Rbc8 24. Nd4 e5 25. Nf3 Qe6 26. Nd2 Bc2 27. Rdc1 e4 28. Bg3 Bf6 0-1

[Event "IND-chT (Women)"]
[Site "Pollachi"]
[Date "2023.02.14"]
[Round "5.2"]
[White "Yashvi, Jain"]
[Black "Priyanka, K."]
[Result "0-1"]
[WhiteElo "1379"]
[BlackElo "2177"]
[PlyCount "76"]
[EventDate "2023.02.10"]
[EventType "team-swiss"]
[EventRounds "7"]
[EventCountry "IND"]
[SourceTitle "CBM 212 Extra"]
[Source "ChessBase"]
[SourceDate "2023.03.31"]
[SourceVersion "1"]
[SourceVersionDate "2023.03.31"]
[SourceQuality "1"]
[WhiteTeam "Telangana (W)"]
[BlackTeam "AAI (W)"]
[WhiteTeamCountry "IND"]
[BlackTeamCountry "IND"]

1. d4 Nf6 2. Nf3 g6 3. Bf4 Bg7 4. e3 d6 5. h3 0-0 6. Be2 Nbd7 7. 0-0 b6 8. Nbd2 Bb7 9. c3 Qe8 10. Bc4 e5 11. Bh2 Qe7 12. Qb3 h6 13. Rfd1 e4 14. Ne1 d5 15. Be2 c5 16. Qa3 Rfe8 17. b3 Nh7 18. Rac1 f5 19. Bb5 Nhf8 20. c4 a6 21. Bxd7 Nxd7 22. cxd5 Bxd5 23. dxc5 Nxc5 24. b4 Ne6 25. Nb3 Red8 26. Nc2 a5 27. Kh1 Bc3 28. Nxa5 Bf6 29. Rxd5 Rxd5 30. Nd4 Nxd4 31. exd4 bxa5 32. Qb3 Rad8 33. Rc5 Qf7 34. Rc7 R5d7 35. b5 Qxb3 36. axb3 Rxc7 37. Bxc7 Rxd4 38. b6 Rb4 0-1

[Event "Uadjpur Pandiyar Memorial 7th"]
[Site "Uadjpur"]
[Date "2022.10.08"]
[Round "2"]
[White "Yashvi, Jain"]
[Black "Jeet, Jain"]
[Result "0-1"]
[WhiteElo "1427"]
[BlackElo "2167"]
[PlyCount "167"]
[EventDate "2022.10.08"]
[EventType "swiss"]
[EventRounds "9"]
[EventCountry "IND"]
[SourceTitle "CBM 210 Extra"]
[Source "ChessBase"]
[SourceDate "2022.11.30"]
[SourceVersion "1"]
[SourceVersionDate "2022.11.30"]
[SourceQuality "1"]

1. d4 d5 2. Nf3 Nf6 3. c4 e6 4. Nc3 Be7 5. Bf4 0-0 6. e3 b6 7. Bd3 dxc4 8. Bxc4 Bb7 9. 0-0 a6 10. h3 b5 11. Bd3 Nbd7 12. Qc2 c5 13. Ne4 cxd4 14. Bc7 Qc8 15. Nxf6+ Bxf6 16. Nxd4 Ne5 17. Bxh7+ Kh8 18. Bxe5 Bxe5 19. Bd3 Rd8 20. Qe2 g6 21. Nb3 Qc6 22. f3 Bb8 23. g4 Qc7 24. Rad1 Kg7 25. Qc2 Qg3+ 26. Qg2 Qe5 27. Qf2 Ba7 28. Rfe1 Rh8 29. Bf1 g5 30. Bg2 Bd5 31. Nd4 Qf6 32. b3 Rad8 33. Rc1 Rd7 34. Ne2 Rhd8 35. Ng3 Qe5 36. Kh1 Bb7 37. Nh5+ Kf8 38. Rc2 Rd1 39. Rce2 Qc3 40. Ng3 Bb8 41. Nf1 Qe5 42. h4 gxh4 43. Qxh4 Kg7 44. f4 Bxg2+ 45. Kxg2 Qe4+ 46. Kg1 Rxe1 47. Rxe1 Qd5 48. Qh1 Qc5 49. Qh2 Rh8 50. Qb2+ Kg8 51. Rc1 Qf8 52. Ng3 e5 53. Nh5 Qd8 54. Qc2 Qb6 55. Qe4 Bc7 56. Rc6 Qb8 57. Qf5 Qd8 58. Nf6+ Kg7 59. Nh5+ Kf8 60. Qc2 Qh4 61. Rxc7 Qxg4+ 62. Kf1 Rxh5 63. Qc5+ Kg7 64. Qd5 Qg6 65. Qg2 exf4 66. exf4 Rf5 67. Qxg6+ Kxg6 68. Rc6+ Rf6 69. Rxf6+ Kxf6 70. Kf2 Kf5 71. Kf3 b4 72. Ke3 Kg4 73. Kd4 Kxf4 74. Kc4 a5 75. Kb5 Ke4 76. Kxa5 f5 77. Kxb4 f4 78. a4 f3 79. a5 f2 80. a6 f1Q 81. Ka5 Qf8 82. b4 Kd5 83. a7 Kc6 84. b5+ 0-1

[Event "IND-ch U14 Girls 34th"]
[Site "Ahmedabad"]
[Date "2022.05.13"]
[Round "9"]
[White "Yashvi, Jain"]
[Black "Jeevika, S1111"]
[Result "1/2-1/2"]
[WhiteElo "1362"]
[BlackElo "1433"]
[PlyCount "61"]
[EventDate "2022.05.09"]
[EventType "swiss"]
[EventRounds "11"]
[EventCountry "IND"]
[SourceTitle "EXT 2023"]
[Source "ChessBase"]
[SourceDate "2022.10.05"]
[SourceVersion "1"]
[SourceVersionDate "2022.10.05"]
[SourceQuality "1"]

1. d4 d5 2. c4 e6 3. Nc3 Nf6 4. cxd5 exd5 5. Bg5 Be7 6. e3 c6 7. Bd3 0-0 8. Qc2 h6 9. Bh4 Be6 10. Nge2 Nh5 11. Bxe7 Qxe7 12. 0-0 Nd7 13. f3 f5 14. Rab1 Qg5 15. e4 fxe4 16. fxe4 Bh3 17. Ng3 Nxg3 18. hxg3 Be6 19. exd5 Bxd5 20. Nxd5 cxd5 21. Qe2 Rfe8 22. Qf3 Rf8 23. Bf5 Nf6 24. Rbe1 Rae8 25. Qf4 Qxf4 26. gxf4 Ne4 27. Bd7 Re7 28. Ba4 Rd8 29. Bb3 Kf8 30. Bc2 Rc8 31. Bd3 1/2-1/2

[Event "IND-ch U18 Girls"]
[Site "Pollachi"]
[Date "2022.04.23"]
[Round "11"]
[White "Rindhiya, V."]
[Black "Yashvi, Jain"]
[Result "1-0"]
[WhiteElo "1880"]
[BlackElo "1280"]
[PlyCount "105"]
[EventDate "2022.04.18"]
[EventType "swiss"]
[EventRounds "11"]
[EventCountry "IND"]
[SourceTitle "CBM 208 Extra"]
[Source "ChessBase"]
[SourceDate "2022.07.31"]
[SourceVersion "1"]
[SourceVersionDate "2022.07.31"]
[SourceQuality "1"]

1. e4 e5 2. Nf3 Nc6 3. Bc4 Bc5 4. c3 Nf6 5. d3 a6 6. Bb3 d6 7. Nbd2 Ba7 8. h3 h6 9. Nf1 0-0 10. Ng3 Re8 11. 0-0 Be6 12. Qe2 d5 13. Rd1 Qd7 14. Be3 d4 15. Bd2 Rad8 16. Bc2 Kh7 17. c4 Bc5 18. Ba4 Bd6 19. b4 Rb8 20. Bxc6 Qxc6 21. c5 Bf8 22. Nxe5 Qa4 23. f4 Kg8 24. Nf3 b6 25. cxb6 cxb6 26. a3 Rbd8 27. Qf2 Bb3 28. Rdc1 Qb5 29. Ne1 a5 30. Rab1 Qa4 31. Nf5 Qxa3 32. Ra1 Qb2 33. Rcb1 Qxa1 34. Rxa1 axb4 35. Bc1 g6 36. Ng3 Ra8 37. Qb2 Be6 38. Ne2 Ra5 39. Nxd4 Bc5 40. Kh2 Bd7 41. Nb3 Rxa1 42. Nxa1 Nh5 43. Nac2 f5 44. e5 Rc8 45. Bd2 Bf2 46. Qxb4 Ng3 47. Ne3 Kf7 48. d4 g5 49. Nd3 Ne4 50. Nxf2 Nxf2 51. Qd6 Be8 52. Qf6+ Kg8 53. Qe6+ 1-0

[Event "Eastern Asia-ch U12 Girls"]
[Site "Tornelo INT"]
[Date "2021.10.23"]
[Round "5"]
[White "Anushka, Bapu Kutwal"]
[Black "Yashvi, Jain"]
[Result "0-1"]
[WhiteElo "1168"]
[BlackElo "1097"]
[PlyCount "96"]
[EventDate "2021.10.22"]
[EventType "swiss"]
[EventRounds "9"]
[EventCountry "NET"]
[SourceTitle "EXT 2023"]
[Source "ChessBase"]
[SourceDate "2022.10.05"]
[SourceVersion "1"]
[SourceVersionDate "2022.10.05"]
[SourceQuality "1"]

1. e4 e5 2. Nf3 Nc6 3. Nc3 Nf6 4. d4 exd4 5. Nxd4 Bb4 6. Nxc6 bxc6 7. Bd3 d5 8. exd5 cxd5 9. 0-0 0-0 10. Bg5 c6 11. Qf3 h6 12. Bf4 g5 13. Be5 Be7 14. h3 Be6 15. Rfe1 a5 16. Ne2 Nd7 17. Nd4 Nxe5 18. Rxe5 Bd6 19. Nxe6 fxe6 20. Qg4 Bxe5 21. Qxe6+ Rf7 22. Bg6 Qf6 23. Bxf7+ Kg7 24. Qxf6+ Kxf6 25. Bh5 Bxb2 26. Rb1 Rb8 27. Kf1 Ke5 28. Re1+ Kd6 29. Bg4 Be5 30. Bf5 Rb2 31. a3 c5 32. g3 Ra2 33. Re3 d4 34. Rb3 c4 35. Rb6+ Kc5 36. Rxh6 Rxa3 37. h4 gxh4 38. gxh4 d3 39. cxd3 cxd3 40. Rh5 Ra1+ 41. Kg2 d2 42. Bc2 Kd4 43. Rh7 Kc3 44. Rh6 Kxc2 45. Rc6+ Bc3 46. h5 d1Q 47. h6 Qh1+ 48. Kg3 Qxc6 0-1

[Event "Eastern Asia-ch U12 Girls"]
[Site "Tornelo INT"]
[Date "2021.10.22"]
[Round "2"]
[White "Yashvi, Jain"]
[Black "Orazalina, Nursulu"]
[Result "1-0"]
[WhiteElo "1097"]
[BlackElo "1402"]
[PlyCount "109"]
[EventDate "2021.10.22"]
[EventType "swiss"]
[EventRounds "9"]
[EventCountry "NET"]
[SourceTitle "EXT 2023"]
[Source "ChessBase"]
[SourceDate "2022.10.05"]
[SourceVersion "1"]
[SourceVersionDate "2022.10.05"]
[SourceQuality "1"]

1. d4 d5 2. Nf3 Nf6 3. Bf4 e6 4. e3 c5 5. c3 Nc6 6. Nbd2 Bd7 7. Bd3 Be7 8. Ne5 Qb6 9. Rb1 a5 10. a4 Rc8 11. 0-0 0-0 12. Ndf3 Be8 13. Bg3 Ne4 14. Bxe4 dxe4 15. Nd2 f5 16. Ndc4 Qd8 17. Qb3 cxd4 18. cxd4 Nb4 19. Nxa5 Qxa5 20. Qxe6+ Kh8 21. Qxc8 Nd3 22. Qxb7 Bb4 23. Nxd3 exd3 24. Be5 Rg8 25. b3 Bh5 26. Bc7 Qa8 27. Qxb4 Qe8 28. Qd2 Be2 29. Rfe1 Qg6 30. Rbc1 h5 31. Rxe2 dxe2 32. Qxe2 h4 33. h3 Qf7 34. Be5 Kh7 35. Rc7 Qe8 36. Qf3 Qg6 37. Rc6 Qf7 38. e4 Rf8 39. exf5 Qxf5 40. Qxf5+ Rxf5 41. a5 Rf8 42. a6 Ra8 43. b4 Rf8 44. a7 Ra8 45. Bb8 Kg8 46. b5 Kh7 47. b6 g6 48. b7 Kh6 49. bxa8Q Kh5 50. Rc5+ g5 51. Bf4 Kh6 52. Qh8+ Kg6 53. Rxg5+ Kf7 54. Qg7+ Ke6 55. d5# 1-0